Представление документа в формате MARC21

Поле Инд. ПП Название Значение
Тип записи a
Библиографический уровень b
001 Контрольный номер 5ff5f60145314524b8a11d8357359a7c
005 Дата корректировки 20200629085133.7
008 Кодируемые данные 20170331
040 b Код языка каталог. rus
e Правила каталог. PSBO
041 0_ a Код языка текста rus
084 a Индекс другой классификации/Индекс ББК 67.404.013(2Рос)
100 1_ a Автор Сидорова В. Н.
245 10 a Заглавие К вопросу о теории «примитивной фикции» юридического лица
520 0_ a Аннотация На основе анализа многочисленных теорий юридического лица в статье предлагается новая теория — «теория примитивной фикции юридического лица». В случае признания научным сообществом ее актуальности данная теория, по мнению автора, будет отвечать новым требованиям, предъявляемым к формированию нового образовательного контента. Закрепление основ данной теории в законодательстве упростит для участников правового оборота возможность определения фактического объема отраслевой правосубъектности конкретного юридического лица — потенциального контрагента. Это, в свою очередь, будет отвечать современным запросам правоприменительной и судебной практики
650 14 a Основная рубрика право; гражданское право
653 0_ a Ключевые слова гражданские правоотношения
a Ключевые слова Гражданский кодекс РФ
a Ключевые слова гражданское законодательство
a Ключевые слова правовое регулирование
a Ключевые слова правоприменительная практика
a Ключевые слова правосубъектность
a Ключевые слова Россия
a Ключевые слова судебная практика
a Ключевые слова теория примитивной фикции юридического лица
a Ключевые слова юридическое лицо
773 08 t Заглавие источника Российская юстиция
d Дата издания источника 2020
g Прочая информация № 4. - С. 9 - 12
w Контрольный № источника d9163a71ea1647108cab3fccfb4b3d86
901 t Тип документа b